02044nam a2200241Ia 4500952011400000952011300114952011000227999001700337008004100354020001500395050001900410100003900429245013900468250001900607260003600626300003700662505085600699519007901555519008501634519004501719650003101764942000701795 00102lcc4070a04b04d2011-05-10l3m1oKGF1789 M85 p04 003282r2016-12-05s2016-12-02t1w2012-06-24yLB 00102lcc4070a04b04d2012-09-21l9m1oKGF1789 M85p04 004070r2018-11-14s2018-11-14t2w2012-09-21yLB 00102lcc4070a04b04d2015-05-25l5oKGF1789 M85p04 005184r2019-11-06s2019-11-04t3w2015-05-25yLB c62770d62770120625s2006 mx 001 0 spa d a9700765377 4aKGF1789 bM85 1 aMuñoz Ramón, Robertoe , autor10aTratado de derecho del trabajo b : teoría fundamental del derecho del trabajo instituciones laborales c / Roberto Muñoz Ramón  a1a. edición  aMéxicob : Porrúa c , 2006 axxvii, 864 páginas c ; 23 cm.0 aEl estudio del derecho del trabajo Definición del derecho del trabajo El derecho del trabajo en la sistemática jurídica Naturaleza jurídica del derecho del trabajo Denominación Principios Fines Caracteres Autonomía y relaciones El derecho del trabajo en la técnica jurídica Procedimientos y factores de producción y conocimiento del derecho del trabajo Fuentes formales Fuentes formales generales Fuentes formales especiales Fuentes materiales Fuentes cognoscitivas Procedimientos de aplicación del derecho del trabajo Procedimientos de interpretación Procedimientos de integración Procedimientos de determinación de los ámbitos de validez Instituciones laborales básicas Relación de trabajo Empresas laborales Instituciones de las relaciones anteriores al nacimiento de la relación de trabajo  aPlan Flexible / bDerecho / cDerecho del Trabajo II (P16) / d(04 004070) aEducación Mixta / bDerecho / cDerecho del Trabajo II (P16-3) / d(04 005184) aMaterial Complementario / d(04 003282)  4aDERECHO LABORALzMÉXICO  cLB